Get the Picture: 1990s NBC Sitcoms Quiz Stats

 Plays Quiz Updated Jul 8, 2019

Score 0/16 Timer 02:00
0 Plays Today
Question Answer Wrong Answers
Will Smith Fresh Prince
96.6%
Friends
0.3%
Seinfeld
0.2%
Frasier
0.1%
Phoebe Buffay Friends
95.3%
Fresh Prince
0.5%
Seinfeld
0.8%
Frasier
0.5%
Niles Crane Frasier
93.5%
Friends
0.5%
Fresh Prince
1.3%
Seinfeld
1.9%
Cosmo Kramer Seinfeld
91.5%
Friends
1.4%
Fresh Prince
0.7%
Frasier
3.6%
Vivian Banks Fresh Prince
90.6%
Friends
1.6%
Seinfeld
1.6%
Frasier
3.4%
Jazz Fresh Prince
89.9%
Friends
1.4%
Seinfeld
1.9%
Frasier
3.6%
Newman Seinfeld
89.7%
Friends
1.6%
Fresh Prince
1.9%
Frasier
3.9%
Geoffrey Butler Fresh Prince
89%
Friends
1.7%
Seinfeld
2%
Frasier
4.5%
George Steinbrenner Seinfeld
88.3%
Friends
2.3%
Fresh Prince
1.6%
Frasier
4.6%
Daphne Moon Frasier
87.7%
Friends
3.2%
Fresh Prince
3.7%
Seinfeld
2.5%
Roz Doyle Frasier
84.8%
Friends
2.9%
Fresh Prince
4.7%
Seinfeld
4.5%
Ugly Naked Guy Friends
80.5%
Fresh Prince
0.8%
Seinfeld
14.1%
Frasier
1.8%
Gunther Friends
79%
Fresh Prince
4.4%
Seinfeld
5.4%
Frasier
8.2%
Janice Goralnik Friends
75.6%
Fresh Prince
4.3%
Seinfeld
8.9%
Frasier
8%
Bob 'Bulldog' Briscoe Frasier
73.1%
Friends
3.5%
Fresh Prince
9.6%
Seinfeld
10.5%
Susan Ross Seinfeld
46.9%
Friends
37.5%
Fresh Prince
3.5%
Frasier
9.4%

Today's Daily Dose

You're not logged in!

Compare scores with friends on all Sporcle quizzes.
OR
Log In

Sporcle TV

Today on Sporcle TV


Watch our educational content, quiz creation guides, and fun videos on Sporcle TV.

Show Comments

Extras

Top Quizzes Today


Score Distribution

Your Account Isn't Verified!

In order to create a playlist on Sporcle, you need to verify the email address you used during registration. Go to your Sporcle Settings to finish the process.

Report this User

Report this user for behavior that violates our Community Guidelines.

Details: